[Event "TCh-CRO Gp1A"]
[Site "Sibenik CRO"]
[Date "2010.09.05"]
[Round "2"]
[White "Kovacevic,Vlat"]
[Black "Zufic,M"]
[Result "1-0"]
[WhiteElo "2471"]
[BlackElo "2429"]
[EventDate "2010.09.04"]

1. d4 Nf6 2. c3 g6 3. Bg5 Bg7 4. Nd2 O-O 5. Ngf3 d6 6. e3 b6 7. a4 c5 8.
Be2 Bb7 9. O-O Nbd7 10. Re1 Qc7 11. Bf1 e5 12. dxe5 dxe5 13. e4 Rfe8 14.
Qc2 h6 15. Bxf6 Nxf6 16. Bc4 Re7 17. Nf1 Bc6 18. Ba6 Ne8 19. Ne3 Nd6 20.
Nd2 h5 21. Nec4 Rd8 22. Nxd6 Qxd6 23. Nc4 Qf6 24. Bb5 Bb7 25. Rad1 Re6 26.
f3 Bh6 27. Bd7 Re7 28. Rd6 Qh4 29. g3 Qg5 30. Red1 h4 31. Qg2 Ba6 32. Bb5
Rxd6 33. Rxd6 Bxb5 34. axb5 Qc1+ 35. Qf1 Be3+ 36. Nxe3 Qxe3+ 37. Kg2 hxg3
38. hxg3 Kg7 39. Qd1 Qg5 40. Qd2 Qh5 41. c4 Re8 42. Rd8 Rxd8 43. Qxd8 Qh6
44. Qd5 Qe3 45. Qxe5+ Kh7 46. Qc3 Qe2+ 47. Kh3 Qd1 48. Kg4 Qd7+ 49. Kf4
Qd6+ 50. e5 Qd7 51. g4 Qd1 52. Ke4 Kg8 53. Qd3 Qc1 54. b3 Qg5 55. Qd7 Qc1
56. Qd8+ Kh7 57. Qf6 Kg8 58. e6 Qc2+ 59. Kd5 fxe6+ 60. Qxe6+ Kg7 61. Qe3
Qd1+ 62. Kc6 Qd8 63. Qe5+ Kh6 64. Qf4+ Kg7 1-0

[Event "TCh-CRO Gp1A"]
[Site "Sibenik CRO"]
[Date "2010.09.05"]
[Round "2"]
[White "Horvath,Cs1"]
[Black "Brkic,A"]
[Result "1/2-1/2"]
[WhiteElo "2529"]
[BlackElo "2564"]
[EventDate "2010.09.04"]

1. d4 Nf6 2. c4 g6 3. Nc3 d5 4. Qb3 dxc4 5. Qxc4 Bg7 6. e4 O-O 7. Be2 a6 8.
Bf4 b5 9. Qxc7 Qxc7 10. Bxc7 Bb7 11. f3 Nc6 12. d5 Nd4 13. Rd1 Nd7 14. Bd3
Rfc8 15. Ba5 Ne5 16. Nge2 Nc4 17. Bxc4 Rxc4 18. b3 Nxe2 19. Nxe2 Rc2 20.
Rd2 Rac8 21. Kd1 Rxd2+ 22. Kxd2 f5 23. Kd3 fxe4+ 24. fxe4 Be5 25. Bc3 Bd6
26. Be1 e6 27. dxe6 Re8 28. Bg3 Rxe6 29. Nc3 Bxg3 30. hxg3 Re5 31. Kd4 Rg5
32. Ne2 b4 33. Rf1 Bc6 34. Rf3 Rg4 35. Rf4 Rg5 36. Rf3 Rg4 37. Nf4 h5 38.
Ke5 Bxe4 39. Kxe4 g5 40. Rf2 gxf4 41. gxf4 Rg3 42. f5 Kf7 43. Kf4 h4 44.
Ke5 a5 45. Rd2 Re3+ 46. Kf4 Rg3 47. Re2 Kg7 48. Ke5 Kf7 49. Rf2 Re3+ 50.
Kd4 Rc3 51. f6 Rc6 52. Rf5 Rc2 53. Rxa5 Rxg2 54. Rh5 Kxf6 55. Rxh4 Rxa2 56.
Kc5 Ke6 57. Rd4 Ra8 58. Kxb4 Rb8+ 59. Kc4 Rc8+ 60. Kd3 Rc7 61. Ke4 Rc6 62.
b4 Rd6 63. Rc4 Kd7 64. b5 Rd1 65. Rd4+ Rxd4+ 66. Kxd4 Kc7 67. Kc5 Kb7 68.
b6 Kb8 69. Kc6 Kc8 70. b7+ Kb8 71. Kb6 1/2-1/2

[Event "TCh-CRO Gp1A"]
[Site "Sibenik CRO"]
[Date "2010.09.05"]
[Round "2"]
[White "Ruck,R1"]
[Black "Komljenovic,D"]
[Result "1/2-1/2"]
[WhiteElo "2555"]
[BlackElo "2465"]
[EventDate "2010.09.04"]

1. Nf3 d5 2. d4 Nf6 3. c4 c6 4. Nc3 a6 5. c5 Nbd7 6. Bf4 Nh5 7. g3 Nxf4 8.
gxf4 g6 9. Qd2 Bg7 10. e3 b6 11. cxb6 Nxb6 12. Bd3 Qd6 13. Rc1 O-O 14. h4
Nc4 15. Bxc4 dxc4 16. Ne5 Be6 17. f3 Rab8 18. Ne4 Qb4 19. Rh2 Bxe5 20. fxe5
Bd5 21. Nc5 Bxf3 22. Nd7 Qxd2+ 23. Rxd2 Bd5 24. Rc3 Rfd8 25. Nxb8 Rxb8 26.
Ra3 Rb6 27. Kf2 f6 28. Kg3 h6 29. exf6 exf6 30. Kf4 g5+ 31. hxg5 hxg5+ 32.
Kg3 Kg7 33. Re2 f5 34. Rh2 Kg6 35. Ra4 Kg7 36. Rf2 Kg6 37. Rh2 Kg7 38. Rc2
Kf7 39. Ra3 Kg6 40. Ra5 Kf6 41. Ra4 Kf7 42. Ra3 Kf6 43. b3 cxb3 44. axb3 a5
45. Rc3 Rb5 46. Rc1 Ke6 47. Rc5 Rxc5 48. dxc5 Ke5 49. Rxa5 Bxb3 50. Ra3
1/2-1/2

[Event "TCh-CRO Gp1A"]
[Site "Sibenik CRO"]
[Date "2010.09.05"]
[Round "2"]
[White "Feletar,D"]
[Black "Rogic,D"]
[Result "0-1"]
[WhiteElo "2391"]
[BlackElo "2591"]
[EventDate "2010.09.04"]

1. c4 e5 2. g3 Nf6 3. Bg2 d5 4. cxd5 Nxd5 5. Nf3 Nc6 6. Nc3 Nb6 7. O-O Be7
8. d3 O-O 9. Be3 Re8 10. Rc1 Bf8 11. Ne4 Nd4 12. Nc5 Nf5 13. Bd2 a5 14. Re1
Nd7 15. Nxd7 Qxd7 16. e4 Nd4 17. Nxd4 exd4 18. f4 c5 19. e5 Qb5 20. Qc2 Be6
21. Ra1 a4 22. Be4 g6 23. Rf1 Qd7 24. Rf2 Ra6 25. Qd1 Rb6 26. Ba5 Ra6 27.
Bd2 b5 28. Qf3 c4 29. a3 Bf5 30. Bxf5 Qxf5 31. Qb7 Raa8 32. Qxb5 Qxd3 33.
Rc1 Rac8 34. Qa6 Qb3 35. f5 c3 36. bxc3 dxc3 37. Be3 Qc4 38. Qxc4 Rxc4 39.
fxg6 hxg6 40. Rcf1 Bxa3 41. Rxf7 c2 42. R7f4 c1=Q 43. Bxc1 Rxc1 44. Rxc1
Bxc1 45. Rxa4 Rxe5 46. Kf2 Kg7 47. Kf3 Re3+ 48. Kg4 Bb2 49. Rb4 Be5 50. Rb5
Bd6 51. Rd5 Be7 52. Rb5 Rd3 53. Ra5 Kf6 54. Ra6+ Bd6 55. Ra5 Rd2 56. Kh3
Be5 57. Rb5 Kf5 58. Rb1 Rf2 59. Rb4 g5 60. Rc4 Ra2 61. Rb4 Rd2 62. Ra4 Rb2
63. Rc4 Bd6 64. Rd4 Be7 65. Rc4 Rd2 66. g4+ Kf6 67. Re4 Bc5 68. Re1 Bf2 69.
Rf1 Ke5 70. Kg2 Bh4+ 71. Kh3 Bf2 72. Kg2 Be3+ 73. Kh3 Ke4 74. Rf5 Rd3 75.
Kg2 Bf4 0-1

[Event "TCh-CRO Gp1A"]
[Site "Sibenik CRO"]
[Date "2010.09.05"]
[Round "2"]
[White "Kovacevic,Bl"]
[Black "Kutuzovic,B"]
[Result "1/2-1/2"]
[WhiteElo "2459"]
[BlackElo "2334"]
[EventDate "2010.09.04"]

1. Nf3 Nf6 2. c4 b6 3. g3 Bb7 4. Bg2 c5 5. O-O g6 6. Nc3 Bg7 7. d4 Ne4 8.
Nxe4 Bxe4 9. d5 O-O 10. Qb3 e6 11. Bg5 Qc8 12. Nd2 Bxg2 13. Kxg2 h6 14. Bf4
e5 15. Be3 f5 16. f3 d6 17. Bf2 Nd7 18. g4 Nf6 19. gxf5 Qxf5 20. Qd3 Qxd3
21. exd3 Nh5 22. Bg3 Kf7 23. Ne4 Ke7 24. Rab1 Kd7 25. b4 cxb4 26. Rxb4 Nf6
27. Nc3 Nh5 28. a4 Bf6 29. a5 Bd8 30. Ra1 Bc7 31. axb6 Bxb6 32. Ra6 Rfb8
33. Nb5 Rb7 34. Rba4 Bc5 35. Ra2 Rab8 36. Kh3 Rxb5 37. cxb5 Rxb5 38. R6a5
Rb3 39. Rxc5 dxc5 40. Bxe5 Rxd3 41. Rxa7+ Ke8 42. Ra8+ Kd7 43. Ra7+ Ke8 44.
Ra8+ 1/2-1/2

[Event "TCh-CRO Gp1A"]
[Site "Sibenik CRO"]
[Date "2010.09.05"]
[Round "2"]
[White "Muse,D"]
[Black "Zivkovic,Vj"]
[Result "1/2-1/2"]
[WhiteElo "2370"]
[BlackElo "2379"]
[EventDate "2010.09.04"]

1. Nf3 Nf6 2. c4 g6 3. Nc3 Bg7 4. e4 d6 5. d4 O-O 6. Be2 e5 7. Be3 c6 8.
O-O exd4 9. Nxd4 Re8 10. f3 d5 11. cxd5 Nxd5 12. Nxd5 cxd5 13. Qb3 Nc6 14.
Rad1 Bxd4 15. Bxd4 Nxd4 16. Rxd4 Qf6 17. Qxd5 Be6 18. e5 Qf4 19. Rxf4 Bxd5
20. Bc4 Rxe5 21. Rd1 Bxc4 22. Rxc4 Re2 23. Rd7 Rxb2 24. Rcc7 Rf8 25. Rxb7
Rxa2 26. Rxa7 Rxa7 27. Rxa7 1/2-1/2

[Event "TCh-CRO Gp1A"]
[Site "Sibenik CRO"]
[Date "2010.09.05"]
[Round "2"]
[White "Kosic,D"]
[Black "Stevic,H"]
[Result "1/2-1/2"]
[WhiteElo "2481"]
[BlackElo "2607"]
[EventDate "2010.09.04"]

1. d4 d5 2. Nf3 Nf6 3. c4 dxc4 4. e3 e6 5. Bxc4 c5 6. O-O a6 7. dxc5 Qxd1
8. Rxd1 Bxc5 9. Be2 b6 10. Nbd2 Nbd7 11. Nc4 Bb7 12. Bd2 O-O 13. Be1 Rfd8
14. a3 Kf8 1/2-1/2

[Event "TCh-CRO Gp1A"]
[Site "Sibenik CRO"]
[Date "2010.09.05"]
[Round "2"]
[White "Lenic,L"]
[Black "Miladinovic,I"]
[Result "1-0"]
[WhiteElo "2603"]
[BlackElo "2560"]
[EventDate "2010.09.04"]

1. d4 d5 2. c4 Bf5 3. cxd5 Bxb1 4. Qa4+ Qd7 5. Qxd7+ Nxd7 6. Rxb1 Ngf6 7.
Nf3 Nxd5 8. e4 N5f6 9. Bd3 e6 10. Ke2 a5 11. Bf4 c6 12. Nd2 Nb6 13. h3 Be7
14. Be3 Nfd7 15. Rbc1 O-O 16. g4 g6 17. g5 Rfc8 18. Rc2 c5 19. dxc5 Bxc5
20. Rhc1 Bxe3 21. Kxe3 Kf8 22. Bb5 Ke7 23. Rxc8 Rxc8 24. Rxc8 Nxc8 25. Nc4
Ndb6 26. Nxa5 Nd6 27. Bd3 f6 28. f4 e5 29. fxe5 fxe5 30. b3 Nd7 31. Bc4
Nxc4+ 32. Nxc4 Ke6 33. b4 Ke7 34. a4 Ke6 35. a5 1-0

[Event "TCh-CRO Gp1A"]
[Site "Sibenik CRO"]
[Date "2010.09.05"]
[Round "2"]
[White "Doric,D"]
[Black "Cvitan,O"]
[Result "1/2-1/2"]
[WhiteElo "2471"]
[BlackElo "2531"]
[EventDate "2010.09.04"]

1. d4 Nf6 2. c4 e6 3. Nf3 c5 4. d5 d6 5. Nc3 exd5 6. cxd5 g6 7. Bf4 a6 8.
a4 Bg7 9. h3 O-O 10. e3 Qe7 11. Be2 Nbd7 12. O-O Ne8 13. Nd2 Rb8 14. Qb3 f5
15. Rfe1 Kh8 16. Bg3 g5 17. Bf1 Qf7 18. f4 h6 19. Nc4 Qg6 20. Nb6 Nef6 21.
Bf2 Nh5 22. Be2 Ndf6 23. Qc4 Rg8 24. Kh2 Nd7 25. Nxc8 Rbxc8 26. g3 Nhf6 27.
Rg1 b5 28. axb5 axb5 29. Qxb5 Rb8 30. Qd3 Rxb2 31. Rab1 Rb4 32. g4 Ne4 33.
Nxe4 fxe4 34. Qd1 Rxb1 35. Qxb1 Rb8 36. Qd1 Rb2 37. Rg2 Qf6 38. Bg3 Qc3 39.
fxg5 hxg5 40. Bxd6 Qxe3 41. Qf1 Ne5 42. Qf5 Qf4+ 43. Kh1 Rb1+ 44. Rg1 Rxg1+
45. Kxg1 Qg3+ 46. Kf1 Qxh3+ 47. Ke1 Qg3+ 48. Kf1 Qh3+ 49. Ke1 Qg3+ 50. Kf1
Qh3+ 1/2-1/2

[Event "TCh-CRO Gp1A"]
[Site "Sibenik CRO"]
[Date "2010.09.05"]
[Round "2"]
[White "Sulava,N"]
[Black "Ramesa,D"]
[Result "1-0"]
[WhiteElo "2552"]
[BlackElo "2326"]
[EventDate "2010.09.04"]

1. c4 c5 2. Nf3 Nc6 3. Nc3 e5 4. e3 Nf6 5. a3 d6 6. h3 h6 7. d4 Be7 8. d5
Nb8 9. Bd3 Nbd7 10. Qc2 a6 11. b3 O-O 12. Bb2 Qa5 13. O-O Re8 14. Nd2 Nf8
15. b4 Qc7 16. bxc5 Qxc5 17. a4 b6 18. a5 bxa5 19. Nb3 Qc7 20. Nxa5 Bd7 21.
Ra2 Reb8 22. Rfa1 Qb6 23. Ne4 Nxe4 24. Bxe4 Rc8 25. Bc3 Qc5 26. Bd3 Rcb8
27. Nb3 Qb6 28. Ra3 f6 29. c5 dxc5 30. Bc4 Bb5 31. Ba5 Qd6 32. Bc7 1-0

[Event "TCh-CRO Gp1A"]
[Site "Sibenik CRO"]
[Date "2010.09.05"]
[Round "2"]
[White "Vlahov,D"]
[Black "Cebalo,M"]
[Result "0-1"]
[WhiteElo "2235"]
[BlackElo "2493"]
[EventDate "2010.09.04"]

1. Nf3 d6 2. d4 g6 3. e3 Bg7 4. Be2 Nf6 5. O-O O-O 6. c4 Nbd7 7. Nc3 e5 8.
b4 Re8 9. Bb2 e4 10. Nd2 Nf8 11. Re1 h5 12. Nd5 N6h7 13. b5 h4 14. a4 c6
15. Nc3 Bf5 16. a5 a6 17. bxc6 bxc6 18. Qa4 Qd7 19. Ba3 c5 20. Nb3 Rab8 21.
Rab1 Qc8 22. Bb2 cxd4 23. Nxd4 Bxd4 24. exd4 e3 25. fxe3 Bxb1 26. Rxb1 Rxe3
27. Qc2 Qf5 0-1

[Event "TCh-CRO Gp1A"]
[Site "Sibenik CRO"]
[Date "2010.09.05"]
[Round "2"]
[White "Eljanov,P"]
[Black "Tiviakov,S"]
[Result "1-0"]
[WhiteElo "2761"]
[BlackElo "2637"]
[EventDate "2010.09.04"]

1. d4 Nf6 2. c4 e6 3. Nc3 Bb4 4. f3 d5 5. a3 Bxc3+ 6. bxc3 c6 7. Qc2 Nbd7
8. cxd5 cxd5 9. e4 e5 10. Bd3 O-O 11. Ne2 dxe4 12. fxe4 b6 13. O-O Bb7 14.
Bg5 Qc7 15. Ng3 exd4 16. cxd4 Qxc2 17. Bxc2 Rac8 18. Rac1 h6 19. Bd2 Rc4
20. e5 Nd5 21. Nf5 b5 22. Bb3 Rxc1 23. Rxc1 N7b6 24. Nd6 Ba8 25. Nxb5 a6
26. Nc7 Nxc7 27. Rxc7 Bd5 28. Bxd5 Nxd5 29. Rc6 Rb8 30. Kf2 Rb3 31. Ke2
Rxa3 32. Rc5 Nb6 33. d5 Kf8 34. Bb4 1-0

[Event "TCh-CRO Gp1A"]
[Site "Sibenik CRO"]
[Date "2010.09.05"]
[Round "2"]
[White "Kozul,Z"]
[Black "Palac,M"]
[Result "1/2-1/2"]
[WhiteElo "2604"]
[BlackElo "2561"]
[EventDate "2010.09.04"]

1. d4 Nf6 2. c4 e6 3. Nf3 d5 4. Nc3 dxc4 5. e4 Bb4 6. Bg5 c5 7. Bxc4 cxd4
8. Nxd4 Qa5 9. Bd2 Qc5 10. Bb5+ Bd7 11. Nb3 Qe7 12. Bd3 Nc6 13. a3 Bd6 14.
f4 e5 15. f5 Nd4 16. Bg5 Bc6 17. Na5 h6 18. Bh4 Qd8 19. Nc4 b5 20. Ne3 Be7
21. Bxf6 Bxf6 22. Ned5 Rc8 23. O-O h5 24. Kh1 Kf8 25. Bb1 a5 26. Ba2 Rh6
27. Qd3 Be7 28. Rac1 b4 29. Nxe7 Kxe7 30. axb4 axb4 31. Qc4 bxc3 32. Qxf7+
Kd6 33. bxc3 Bxe4 34. cxd4 Qg5 35. dxe5+ Kxe5 36. Rc5+ Rxc5 37. Qe8+ Kd6
38. Qxe4 Rc1 39. Qd4+ Kc7 40. Qa7+ Kd8 41. Qa8+ Kc7 42. Qa7+ Kd8 43. Qa8+
1/2-1/2

[Event "TCh-CRO Gp1A"]
[Site "Sibenik CRO"]
[Date "2010.09.05"]
[Round "2"]
[White "Dizdar,G"]
[Black "Jankovic,A"]
[Result "1/2-1/2"]
[WhiteElo "2555"]
[BlackElo "2560"]
[EventDate "2010.09.04"]

1. d4 Nf6 2. c4 g6 3. Nf3 Bg7 4. g3 d5 5. cxd5 Nxd5 6. Bg2 Nb6 7. Nc3 Nc6
8. e3 O-O 9. O-O Re8 10. b3 e5 11. Nxe5 Nxe5 12. dxe5 Bxe5 13. Bb2 Qe7 14.
Qc1 c6 15. Ne4 Nd5 16. Bxe5 Qxe5 17. Qc5 Bg4 18. Nd6 Qe7 19. Rac1 Red8 20.
Ne4 Qxc5 21. Nxc5 Rab8 22. h3 Be6 23. Rfd1 Kf8 24. e4 Nb4 25. a3 Na2 26.
Ra1 Rxd1+ 27. Rxd1 Ke7 28. f4 Nc3 29. Rd3 Nb5 30. a4 Nc7 31. Kf2 a5 32. e5
Nd5 33. h4 b5 34. Nxe6 Kxe6 35. Rd2 bxa4 36. bxa4 Rb4 37. Rc2 Kd7 38. Bxd5
cxd5 39. Rc5 Rxa4 1/2-1/2

[Event "TCh-CRO Gp1A"]
[Site "Sibenik CRO"]
[Date "2010.09.05"]
[Round "2"]
[White "Kuljasevic,D"]
[Black "Zelcic,R"]
[Result "1/2-1/2"]
[WhiteElo "2555"]
[BlackElo "2554"]
[EventDate "2010.09.04"]

1. d4 Nf6 2. c4 e6 3. Nc3 Bb4 4. Qc2 O-O 5. a3 Bxc3+ 6. Qxc3 Ne4 7. Qc2 f5
8. Nh3 d6 9. f3 Nf6 10. e3 e5 11. dxe5 dxe5 12. Be2 Nc6 13. O-O a5 14. Rd1
Qe7 15. b3 Kh8 16. Nf2 Be6 17. Bb2 Qc5 18. Qc3 f4 19. exf4 exf4 20. Kf1 Qh5
21. Kg1 Qc5 22. Rd2 Rae8 23. Bf1 Bf7 24. b4 axb4 25. axb4 Qxb4 26. Qxb4
Nxb4 27. Nh3 Nh5 28. Rd7 Na6 29. Ng5 Bg6 30. c5 Nf6 31. Bxf6 Rxf6 32. Bxa6
bxa6 33. Rxc7 h6 34. Nh3 Rb8 35. c6 Kh7 36. Rb7 Rc8 37. Rxa6 Rfxc6 38. Rxc6
Rxc6 39. Nxf4 Rf6 40. g3 Bf7 41. Kf2 Kg8 42. Rb8+ Kh7 43. Rb7 Kg8 44. Rd7
g5 45. Nd3 Bh5 46. f4 Bg6 47. Kf3 Bxd3 48. Rxd3 Kf7 49. Rd5 gxf4 50. gxf4
Ra6 51. h4 Kg6 52. Kg4 Rb6 53. h5+ Kf6 54. Rd7 Rb1 55. Rd6+ Kg7 56. Rg6+
Kh7 57. Re6 Kg7 58. Kf5 Rb5+ 59. Re5 Rb7 60. Rd5 Rf7+ 61. Kg4 Ra7 62. Rd6
Rb7 63. Kf5 Rf7+ 64. Ke5 Re7+ 65. Re6 Ra7 66. Rg6+ Kh7 67. Rd6 Kg7 68. f5
Re7+ 69. Re6 Ra7 70. Rg6+ Kh7 71. Rd6 Kg7 72. Ke6 Rf7 73. Rd1 Rf6+ 74. Ke5
Rf7 75. Rg1+ Kf8 76. Rg6 Re7+ 77. Re6 Rh7 78. Kf6 Rf7+ 79. Kg6 Rg7+ 80.
Kxh6 Rg1 81. Rg6 Rf1 82. Kg5 Kf7 83. Rf6+ Ke7 84. Re6+ Kf7 85. h6 Rg1+ 86.
Kf4 Rf1+ 87. Ke5 Re1+ 88. Kd6 Rd1+ 89. Kc7 Rc1+ 90. Kd7 Rd1+ 91. Rd6 Rh1
92. Kd8 Rh5 93. h7 Kg7 94. Rd7+ Kh8 95. f6 Rf5 96. Rd6 Kxh7 97. Ke7 Kg6 98.
Re6 Rf1 99. Re2 Ra1 100. Rg2+ Kh7 101. Rg7+ Kh6 1/2-1/2

[Event "TCh-CRO Gp1A"]
[Site "Sibenik CRO"]
[Date "2010.09.05"]
[Round "2"]
[White "Loncar,R"]
[Black "Hulak,K"]
[Result "1/2-1/2"]
[WhiteElo "2419"]
[BlackElo "2510"]
[EventDate "2010.09.04"]

1. Nf3 Nf6 2. c4 c5 3. Nc3 Nc6 4. e3 e6 5. d4 d5 6. cxd5 exd5 7. Bb5 a6 8.
Bxc6+ bxc6 9. O-O Bd6 10. dxc5 Bxc5 11. Qa4 Bd7 12. e4 O-O 13. Bg5 Be7
1/2-1/2

[Event "TCh-CRO Gp1A"]
[Site "Sibenik CRO"]
[Date "2010.09.05"]
[Round "2"]
[White "Hracek,Z"]
[Black "Mrkonjic,N"]
[Result "1-0"]
[WhiteElo "2633"]
[BlackElo "2394"]
[EventDate "2010.09.04"]

1. e4 e5 2. Nf3 Nc6 3. Bb5 Nge7 4. Nc3 d6 5. d4 Bd7 6. O-O Nxd4 7. Nxd4
exd4 8. Qxd4 Bxb5 9. Nxb5 Nc6 10. Qc3 a6 11. Nd4 Nxd4 12. Qxd4 Qd7 13. Be3
f6 14. Rfd1 Be7 15. Rd3 Qe6 16. a4 O-O 17. Rb3 Rfb8 18. a5 Bd8 19. f3 f5
20. Qd5 Qxd5 21. exd5 c6 22. Bb6 cxd5 23. Bxd8 Rxd8 24. Rxb7 Rdb8 25. Rb6
Rxb6 26. axb6 a5 27. b3 d4 28. Kf2 d3 29. c3 Rb8 30. Rxa5 Rxb6 31. b4 Rc6
32. Ra3 f4 33. Ke1 Kf7 34. Kd2 Rc7 35. Kxd3 Ke6 36. Kd4 Rb7 37. Ra5 h6 38.
b5 Rc7 39. b6 Rb7 40. Rb5 g5 41. c4 Kd7 42. Kd5 Rb8 43. c5 dxc5 44. Kxc5
Rc8+ 45. Kd5 Rd8 46. Rc5 Re8 47. b7 Rb8 48. Rb5 Kc7 49. Ke6 h5 50. Kf5 g4
51. fxg4 Rf8+ 52. Kg5 1-0

[Event "TCh-CRO Gp1A"]
[Site "Sibenik CRO"]
[Date "2010.09.05"]
[Round "2"]
[White "Vargic,D"]
[Black "Jovanovic,Zo CRO"]
[Result "1/2-1/2"]
[WhiteElo "2360"]
[BlackElo "2520"]
[EventDate "2010.09.04"]

1. e4 c5 2. Nc3 Nc6 3. g3 g6 4. Bg2 Bg7 5. d3 d6 6. Be3 Nf6 7. h3 Nd4 8.
Nge2 e5 9. O-O O-O 10. Kh2 b5 11. a3 Rb8 12. Qd2 a5 13. Bg5 Ne6 14. Bh6 b4
15. axb4 axb4 16. Bxg7 Kxg7 17. Nd1 d5 18. exd5 Nxd5 19. Ne3 Nxe3 20. Qxe3
Qd6 21. f4 exf4 22. Nxf4 Nd4 23. Ra7 Bd7 24. Nh5+ gxh5 25. Qg5+ Kh8 26.
Rxd7 Qxd7 27. Qf6+ 1/2-1/2

[Event "TCh-CRO Gp1A"]
[Site "Sibenik CRO"]
[Date "2010.09.05"]
[Round "2"]
[White "Sermek,D"]
[Black "Krstic,U"]
[Result "1/2-1/2"]
[WhiteElo "2524"]
[BlackElo "2410"]
[EventDate "2010.09.04"]

1. e4 e5 2. Nf3 Nc6 3. Bc4 Nf6 4. Nc3 Be7 5. d4 d6 6. dxe5 dxe5 7. Qxd8+
Bxd8 8. h3 Nd7 9. Be3 Nb6 10. Bb5 f6 11. Nd5 Bd7 12. O-O-O Nb8 13. Be2 Nxd5
14. exd5 Be7 15. Nd2 Bf5 16. f4 Nd7 17. g4 exf4 18. Bxf4 Bg6 19. Nc4 O-O-O
20. d6 cxd6 21. Nxd6+ Bxd6 22. Rxd6 Ne5 23. Rhd1 Rxd6 24. Rxd6 Rd8 25.
Rxd8+ Kxd8 26. Kd2 Ke7 27. c4 Ke6 28. Ke3 Bb1 29. a3 g5 1/2-1/2

[Event "TCh-CRO Gp1A"]
[Site "Sibenik CRO"]
[Date "2010.09.05"]
[Round "2"]
[White "Ascic,P"]
[Black "Fercec,N"]
[Result "0-1"]
[WhiteElo "2310"]
[BlackElo "2498"]
[EventDate "2010.09.04"]

1. e4 c5 2. Nf3 d6 3. d4 cxd4 4. Nxd4 Nf6 5. Nc3 a6 6. Bg5 e6 7. f4 Nbd7 8.
Qf3 Qc7 9. O-O-O b5 10. e5 Bb7 11. Qh3 dxe5 12. Nxe6 fxe6 13. Qxe6+ Be7 14.
Bxf6 gxf6 15. Be2 h5 16. Nd5 Bxd5 17. Rxd5 Nc5 18. Qf5 Qc6 19. Qg6+ Kf8 20.
Rhd1 Qe8 21. Qf5 Qc8 22. Qg6 Qe6 23. Bxh5 f5 24. Rxe5 Qxg6 25. Bxg6 Rxh2
26. Bxf5 Ra7 27. Bh3 Rc7 28. Kb1 Bf6 29. Rf5 Kg7 30. Rfd5 b4 31. c3 bxc3
32. bxc3 Kh6 33. Rf5 Ne4 34. Rd6 Kg7 35. Rxa6 Rh1+ 36. Kb2 Bxc3+ 37. Ka3
Rb1 38. Ra4 Bb2+ 39. Kb4 Ba3+ 40. Kxa3 Rc3+ 0-1

[Event "TCh-CRO Gp1A"]
[Site "Sibenik CRO"]
[Date "2010.09.05"]
[Round "2"]
[White "Leventic,I"]
[Black "Drmic,T"]
[Result "1-0"]
[WhiteElo "2498"]
[BlackElo "2302"]
[EventDate "2010.09.04"]

1. e4 e5 2. Nf3 Nc6 3. Bb5 a6 4. Ba4 Nf6 5. O-O Be7 6. Re1 d6 7. Bxc6+ bxc6
8. d4 exd4 9. Nxd4 Bd7 10. Nc3 O-O 11. Qd3 Ne8 12. Bf4 g6 13. Qc4 c5 14.
Nf3 c6 15. Rad1 Qb6 16. b3 Be6 17. Nd5 cxd5 18. exd5 Rd8 19. dxe6 f6 20.
Bh6 Ng7 21. Qd5 Rfe8 22. g4 Qb4 23. Re4 Qc3 24. Rc4 Qb2 25. Bc1 Qa1 26. Qd2
d5 27. Ra4 d4 28. Rxa6 Rd6 29. Ra7 Rxe6 30. Ba3 Qc3 31. Qxc3 dxc3 32. Rd3
Re4 33. h3 Ne6 34. Rxc3 Nf4 35. Kf1 Nxh3 36. Nd2 Nxf2 37. Kxf2 Rf4+ 38. Rf3
Rd4 39. Nc4 f5 40. Rxe7 Rxe7 41. Bxc5 Rxc4 42. bxc4 Rc7 43. Bd4 Rxc4 44. c3
fxg4 45. Re3 Kf7 46. Kg3 h5 47. Kh4 Ra4 48. Re2 Ra5 49. Rb2 Ra6 50. Rb7+
Ke8 51. Ra7 Rc6 52. a4 Kd8 53. Rf7 1-0

[Event "TCh-CRO Gp1A"]
[Site "Sibenik CRO"]
[Date "2010.09.06"]
[Round "3"]
[White "Markus,Rob"]
[Black "Hracek,Z"]
[Result "1/2-1/2"]
[WhiteElo "2624"]
[BlackElo "2633"]
[EventDate "2010.09.04"]

1. d4 Nf6 2. c4 e6 3. Nf3 d5 4. g3 Bb4+ 5. Bd2 Be7 6. Bg2 c6 7. Qb3 O-O 8.
O-O Nbd7 9. Bf4 a5 10. Rc1 a4 11. Qd1 dxc4 12. Rxc4 Nb6 13. Rc1 Nbd5 14.
Bd2 Qb6 15. Qc2 Nb4 16. Bxb4 Qxb4 17. e3 Bd7 18. Ne5 Rfc8 19. Nxd7 1/2-1/2

[Event "TCh-CRO Gp1A"]
[Site "Sibenik CRO"]
[Date "2010.09.06"]
[Round "3"]
[White "Jovanovic,Zo CRO"]
[Black "Saric,Iv"]
[Result "1/2-1/2"]
[WhiteElo "2520"]
[BlackElo "2567"]
[EventDate "2010.09.04"]

1. e4 e5 2. Nf3 Nc6 3. Bc4 Bc5 4. c3 Nf6 5. d3 d6 6. Bb3 h6 7. O-O a6 8.
Be3 Bg4 9. Nbd2 Qd7 10. Qe1 O-O 11. h3 Bxe3 12. fxe3 Be6 13. Nh4 Bxb3 14.
axb3 Nh7 15. Nf5 1/2-1/2

[Event "TCh-CRO Gp1A"]
[Site "Sibenik CRO"]
[Date "2010.09.06"]
[Round "3"]
[White "Jovanic,O"]
[Black "Sermek,D"]
[Result "1/2-1/2"]
[WhiteElo "2523"]
[BlackElo "2524"]
[EventDate "2010.09.04"]

1. d4 d5 2. c4 dxc4 3. e3 c5 4. Bxc4 cxd4 5. Nf3 Qc7 6. Bb3 e6 7. O-O Nf6
8. exd4 Be7 9. Nc3 O-O 10. Bg5 Rd8 11. Qe2 Nc6 12. Rad1 Nb4 13. Ne5 Nfd5
14. Nxd5 Nxd5 15. Rc1 Qd6 16. Qh5 g6 17. Bxe7 Qxe7 18. Qh6 f6 19. Ng4 b6
20. h4 Ba6 21. Rfe1 Bd3 22. Qd2 Bb5 23. Bxd5 Rxd5 24. Qf4 Rf8 25. Rc7 Rd7
26. Rxd7 Bxd7 27. Qc7 h5 28. Ne3 Qb4 29. Rb1 Qa4 30. a3 Rc8 31. Qd6 Qc6 32.
Qf4 Kg7 33. Rd1 Qc7 34. Qe4 Qd6 35. Qb7 Qc6 36. Qa6 Qa4 37. Qb7 Qc6 38. Qa6
Qa4 39. Qb7 1/2-1/2

[Event "TCh-CRO Gp1A"]
[Site "Sibenik CRO"]
[Date "2010.09.06"]
[Round "3"]
[White "Fercec,N"]
[Black "Saric,A"]
[Result "0-1"]
[WhiteElo "2498"]
[BlackElo "2472"]
[EventDate "2010.09.04"]

1. e4 e5 2. Nf3 Nf6 3. d4 Nxe4 4. Bd3 d5 5. dxe5 Nc5 6. Be2 Be7 7. O-O O-O
8. Be3 c6 9. Nbd2 Ne6 10. c3 c5 11. Nb3 Nc6 12. Qd2 b6 13. Rad1 Bb7 14. Bf4
Nxf4 15. Qxf4 Qc7 16. Qe3 Rad8 17. Rfe1 Rfe8 18. e6 Bf6 19. exf7+ Qxf7 20.
Qf4 Re4 21. Qg3 Rde8 22. Bf1 Bh4 23. Rxe4 Bxg3 24. Rxe8+ Qxe8 25. hxg3 Ne5
26. Nbd2 Nxf3+ 27. Nxf3 Qa4 28. Re1 Ba6 29. b3 Qxa2 30. Ng5 g6 31. Bxa6
Qxa6 32. Re7 h6 33. Ne6 Qa1+ 34. Kh2 Qxc3 35. Rxa7 d4 36. Rg7+ Kh8 37. Rf7
g5 38. f4 gxf4 39. gxf4 d3 40. f5 Qe5+ 41. Kh3 h5 42. g4 hxg4+ 43. Kh4 Kg8
44. Rf8+ Kh7 45. Kg5 Qe3+ 46. Kxg4 Qg1+ 47. Kh5 d2 48. Ng5+ Qxg5+ 49. Kxg5
d1=Q 50. Rf7+ Kg8 51. Ra7 Qxb3 52. Ra8+ Kf7 53. Ra7+ Ke8 54. Ra8+ Kd7 55.
Ra7+ Kd6 56. f6 Qg3+ 57. Kh6 Ke6 58. f7 Qb8 59. Rb7 Qh8+ 0-1

[Event "TCh-CRO Gp1A"]
[Site "Sibenik CRO"]
[Date "2010.09.06"]
[Round "3"]
[White "Zufic,M"]
[Black "Leventic,I"]
[Result "1-0"]
[WhiteElo "2429"]
[BlackElo "2498"]
[EventDate "2010.09.04"]

1. e4 e5 2. Nf3 Nf6 3. d4 exd4 4. e5 Ne4 5. Qxd4 d5 6. exd6 Nxd6 7. Nc3 Nc6
8. Qf4 Nf5 9. Bd2 Bd6 10. Qe4+ Nfe7 11. O-O-O Bf5 12. Qh4 Ng6 13. Qh5 Qd7
14. Nb5 O-O 15. Nxd6 cxd6 16. Bc3 Rac8 17. Rd2 a6 18. Qg5 Qe6 19. b3 h6 20.
Qg3 d5 21. Bd3 Bxd3 22. Rxd3 Qe7 23. Kb1 Qc5 24. Rc1 Rfe8 25. h4 Nb4 26.
Bxb4 Qxb4 27. h5 Ne7 28. Nd4 a5 29. c3 Qb6 30. Re3 Qc7 31. Qxc7 Rxc7 32.
Rce1 Kf8 33. Nf5 g6 34. hxg6 fxg6 35. Nxh6 Rd8 36. Rf3+ Kg7 37. Rf7+ Kxh6
38. f4 Kh5 39. Re5+ g5 40. Rxg5+ Kh6 41. Rgg7 Rxc3 42. Rxe7 b5 43. Rg5 Rf8
44. g3 Rf6 45. Re1 Rg6 46. Rxd5 Rgxg3 47. Rxb5 a4 48. Re6+ Kh7 49. Rb7+ Rg7
50. Rxg7+ Kxg7 51. Kb2 Rf3 52. Re4 axb3 53. axb3 Kf6 54. Ka3 Kf5 55. Rd4
Rh3 56. Ka4 Rh8 57. b4 1-0

[Event "TCh-CRO Gp1A"]
[Site "Sibenik CRO"]
[Date "2010.09.06"]
[Round "3"]
[White "Tiviakov,S"]
[Black "Sertic,Ru"]
[Result "0-1"]
[WhiteElo "2637"]
[BlackElo "2422"]
[EventDate "2010.09.04"]

1. e4 c5 2. Nf3 e6 3. c3 d5 4. exd5 Qxd5 5. d4 Nf6 6. Na3 a6 7. Nc4 Nbd7 8.
Be2 cxd4 9. Nxd4 Qxg2 10. Bf3 Qh3 11. Qe2 Bc5 12. Bf4 O-O 13. O-O-O e5 14.
Nxe5 Re8 15. Rhg1 Nxe5 16. Bxe5 Qh6+ 17. Kb1 g6 18. Rd3 Bxd4 19. Rxd4 Bf5+
20. Ka1 Nd7 21. Bf4 Rxe2 22. Bxh6 Rxf2 23. Bxb7 Rb8 24. Rc4 Ne5 25. Rc7 Ng4
26. Bc1 Nxh2 27. Bxa6 Be6 28. Bb7 Nf3 29. Rd1 Ne5 30. Be3 Re2 31. Ba7 Re8
32. Ba6 Rc2 33. Bd4 Nf3 34. Bf6 Ra8 35. Bc4 Bxc4 36. Rxc4 h5 37. Ra4 Re8
38. Re4 Ra8 39. Re3 Rf2 40. Red3 g5 41. Rd5 Rg2 42. a3 Ra6 43. Rf5 g4 44.
Bd8 h4 45. Rd7 h3 46. Bc7 h2 47. Bxh2 Rxh2 48. Rfxf7 Ne5 49. Rg7+ Kf8 50.
Rc7 Rg6 51. Rcf7+ Nxf7 52. Rxg6 Ne5 53. Rg5 Re2 54. a4 Re4 55. b4 Nf3 56.
Rf5+ Ke7 57. Kb2 Re3 58. a5 g3 59. a6 g2 60. a7 g1=Q 61. a8=Q Qg2+ 0-1